000 00363nam a2200145Ia 4500
003 GCL
008 140319s9999 xx 000 0 eng d
040 _aGCL /
_cGCL
082 0 4 _a759
_bP C
100 1 _aPAOLUCCI, ANTONIO
245 1 0 _aCANALETTO /
_cPAOLUCCI, ANTONIO
260 _a[S.N] :
_bTHAMES AND HUDSON ،
_c1989
650 0 4 _aCANALETTO
942 _2ddc
_cBK
999 _c25076
_d25076